[Event "Wch U16 Girls"]
[Site "Mamaia"]
[Date "2022.09.10"]
[Round "5"]
[White "Manko, Mariya"]
[Black "Melenchuk, Olga"]
[Result "1-0"]
[WhiteElo "2082"]
[BlackElo "1749"]
[PlyCount "65"]
[EventDate "2022.09.06"]
[EventType "swiss"]
[EventRounds "11"]
[EventCountry "ROU"]
[SourceTitle "CBM 210 Extra"]
[Source "ChessBase"]
[SourceDate "2022.11.30"]
[SourceVersion "1"]
[SourceVersionDate "2022.11.30"]
[SourceQuality "1"]

1. Nf3 d5 2. g3 c5 3. Bg2 Nc6 4. 0-0 e5 5. d3 Be7 6. c4 d4 7. b4 cxb4 8. a3 bxa3 9. Qa4 Bd7 10. Bxa3 Nf6 11. Qb5 0-0 12. Nxe5 Rc8 13. Bxe7 Qxe7 14. Nxd7 Qxd7 15. Nd2 Rfe8 16. Ne4 Nxe4 17. Bxe4 Qe7 18. Rfb1 Rc7 19. Qf5 g6 20. Qf4 Rd8 21. Rb5 b6 22. h4 Rd6 23. h5 Rf6 24. Qg5 Nd8 25. hxg6 fxg6 26. Re5 Ne6 27. Bd5 Kg7 28. Qg4 h5 29. Qe4 Kf7 30. Bxe6+ Rxe6 31. Rxe6 Qxe6 32. Qf4+ Qf6 33. Qxc7+ 1-0

[Event "St Petersburg-ch (Women) 88th"]
[Site "St Petersburg"]
[Date "2020.09.24"]
[Round "3"]
[White "Melenchuk, Olga"]
[Black "Vorobieva, Varvara"]
[Result "1/2-1/2"]
[WhiteElo "1617"]
[BlackElo "1949"]
[PlyCount "91"]
[EventDate "2020.09.22"]
[EventType "swiss"]
[EventRounds "9"]
[EventCountry "RUS"]
[SourceTitle "EXT 2021"]
[Source "ChessBase"]
[SourceDate "2020.10.23"]
[SourceVersion "1"]
[SourceVersionDate "2020.10.23"]
[SourceQuality "1"]

1. d4 d5 2. Nf3 Nf6 3. Bf4 c5 4. e3 Nc6 5. h3 cxd4 6. exd4 Qb6 7. Nc3 Bf5 8. Na4 Qa5+ 9. c3 b5 10. Nc5 e6 11. a4 Qb6 12. axb5 Nb8 13. Na6 Bd6 14. Bxd6 Qxd6 15. b6 Qxb6 16. Qa4+ Kf8 17. Qa3+ Kg8 18. Nc5 h5 19. Be2 g6 20. Ne5 Kg7 21. 0-0 Nc6 22. b4 Nxe5 23. dxe5 Ne4 24. g4 hxg4 25. hxg4 Nxc5 26. bxc5 Qc7 27. f4 Be4 28. Qa5 Qe7 29. g5 Rac8 30. Qb4 Qxc5+ 31. Qxc5 Rxc5 32. Ra3 a5 33. Rfa1 Rhc8 34. Rxa5 Rxa5 35. Rxa5 Rxc3 36. Ra4 Bd3 37. Bxd3 Rxd3 38. Kf2 Rc3 39. Ra8 Rh3 40. Rd8 Rh8 41. Rd6 Rc8 42. Kf3 Kf8 43. Kf2 Ke7 44. Ke3 Rd8 45. Ra6 Rd7 46. Ra8 1/2-1/2

[Event "Wch U10 Girls"]
[Site "Batumi"]
[Date "2016.10.29"]
[Round "10.8"]
[White "Melenchuk, Olga"]
[Black "Eswaran, Aksithi"]
[Result "1-0"]
[WhiteElo "1396"]
[BlackElo "1574"]
[PlyCount "87"]
[EventDate "2016.10.19"]
[EventType "swiss"]
[EventRounds "11"]
[EventCountry "GEO"]
[SourceTitle "EXT 2018"]
[Source "ChessBase"]
[SourceDate "2017.10.13"]
[SourceVersion "1"]
[SourceVersionDate "2017.10.13"]
[SourceQuality "1"]

1. c4 e5 2. Nc3 Nc6 3. g3 g6 4. Bg2 Bg7 5. Rb1 d6 6. b4 Rb8 7. Qa4 Bd7 8. b5 Nd4 9. e3 Ne6 10. Qxa7 Nc5 11. Nd5 Ne7 12. b6 Nxd5 13. cxd5 Bf5 14. bxc7 Qxc7 15. e4 Nd3+ 16. Ke2 Nxc1+ 17. Rxc1 Qxc1 18. Qxb8+ Bc8 19. Bh3 f5 20. Qxd6 Qc4+ 21. d3 Qc2+ 22. Kf1 Qxd3+ 23. Kg2 Qxe4+ 24. Nf3 Qc2 25. Nxe5 Qc3 26. Nf3 Bf8 27. Qb8 Bb4 28. Re1+ Kd8 29. d6 Qc6 30. Rd1 Kd7 31. Rd4 Bxd6 32. Kg1 Qc5 33. Rd1 Re8 34. Bf1 Qc6 35. Bb5 Ke7 36. Bxc6 Bxb8 37. Re1+ Kf7 38. Bxe8+ Kf6 39. Nd4 Be5 40. Nb5 Be6 41. f4 Bb8 42. Nc3 Ba7+ 43. Kg2 Bb6 44. a4 1-0

[Event "Wch U10 Girls"]
[Site "Batumi"]
[Date "2016.10.27"]
[Round "8.19"]
[White "Melenchuk, Olga"]
[Black "Fizerova, Lucie"]
[Result "1-0"]
[WhiteElo "1396"]
[BlackElo "1296"]
[PlyCount "45"]
[EventDate "2016.10.19"]
[EventType "swiss"]
[EventRounds "11"]
[EventCountry "GEO"]
[SourceTitle "EXT 2018"]
[Source "ChessBase"]
[SourceDate "2017.10.13"]
[SourceVersion "1"]
[SourceVersionDate "2017.10.13"]
[SourceQuality "1"]

1. c4 e5 2. Nc3 Bb4 3. a3 Bxc3 4. dxc3 d6 5. g3 Be6 6. Bg2 Nc6 7. b3 Qd7 8. h4 Nge7 9. Nf3 f5 10. Ng5 Bg8 11. Be3 h6 12. Nf3 Be6 13. Qc2 Rf8 14. Bd2 0-0-0 15. a4 f4 16. gxf4 exf4 17. Nd4 Bg4 18. f3 Bf5 19. Nxf5 Qxf5 20. Bh3 Qxh3 21. Rxh3 d5 22. c5 d4 23. 0-0-0 1-0

[Event "Wch U10 Girls"]
[Site "Batumi"]
[Date "2016.10.23"]
[Round "5"]
[White "Ke, Rianne"]
[Black "Melenchuk, Olga"]
[Result "0-1"]
[WhiteElo "1576"]
[BlackElo "1396"]
[PlyCount "80"]
[EventDate "2016.10.19"]
[EventType "swiss"]
[EventRounds "11"]
[EventCountry "GEO"]
[SourceTitle "EXT 2018"]
[Source "ChessBase"]
[SourceDate "2017.10.13"]
[SourceVersion "1"]
[SourceVersionDate "2017.10.13"]
[SourceQuality "1"]

1. e4 e5 2. Nf3 Nc6 3. Bb5 a6 4. Ba4 Nf6 5. 0-0 Nxe4 6. Re1 Nc5 7. Nc3 d6 8. Bxc6+ bxc6 9. d4 Nd7 10. dxe5 dxe5 11. Nxe5 Nxe5 12. Qxd8+ Kxd8 13. Rxe5 Bd6 14. Rg5 g6 15. Ne4 Re8 16. f3 Be5 17. Be3 f6 18. Rd1+ Ke7 19. f4 fxg5 20. fxe5 Bf5 21. Nxg5 Red8 22. Bc5+ Ke8 23. Rf1 Rd5 24. b4 Kd7 25. Nxh7 Rxe5 26. Nf8+ Kc8 27. c4 Bd3 28. Rd1 Bxc4 29. Nxg6 Rg5 30. Nf4 Kb7 31. a3 Re8 32. Kf2 Rf5 33. g3 Re2+ 34. Kg1 Ra2 35. Rc1 Bb3 36. h4 Rxa3 37. Kg2 Bd5+ 38. Kh2 Be4 39. Rc4 Bf3 40. Rc1 Bg4 0-1

[Event "Wch U10 Girls"]
[Site "Batumi"]
[Date "2016.10.20"]
[Round "2"]
[White "Munkhzul, Davaakhuu"]
[Black "Melenchuk, Olga"]
[Result "0-1"]
[WhiteElo "1808"]
[BlackElo "1396"]
[PlyCount "82"]
[EventDate "2016.10.19"]
[EventType "swiss"]
[EventRounds "11"]
[EventCountry "GEO"]
[SourceTitle "EXT 2018"]
[Source "ChessBase"]
[SourceDate "2017.10.13"]
[SourceVersion "1"]
[SourceVersionDate "2017.10.13"]
[SourceQuality "1"]

1. e4 e5 2. Nf3 Nc6 3. Bb5 a6 4. Ba4 Nf6 5. 0-0 Nxe4 6. d4 b5 7. Bb3 d5 8. dxe5 Be6 9. c3 Nc5 10. Bc2 Bg4 11. Re1 Be7 12. Bf4 Ne6 13. Bg3 Ng5 14. Nbd2 d4 15. Ne4 Nxf3+ 16. gxf3 Bh3 17. Nd6+ Kf8 18. Be4 Qd7 19. Bxc6 Qxc6 20. Ne4 dxc3 21. Rc1 Qe6 22. Nxc3 Rd8 23. Qe2 h5 24. Kh1 g5 25. Ne4 h4 26. Rxc7 hxg3 27. Nxg3 Bb4 28. Rec1 Rd2 29. Qe4 Ba5 30. R7c6 Qd5 31. Qxd5 Rxd5 32. Rxa6 Bc7 33. Ne4 Bxe5 34. b3 Bf5 35. Ng3 Bxg3 36. fxg3 Kg7 37. h4 gxh4 38. g4 Bg6 39. Kg2 h3+ 40. Kh1 h2 41. a4 Rd3 0-1

[Event "EU-ch U10 Girls 26th"]
[Site "Prague"]
[Date "2016.08.24"]
[Round "6"]
[White "Melenchuk, Olga"]
[Black "Poliato, Irina"]
[Result "1/2-1/2"]
[WhiteElo "1507"]
[BlackElo "1280"]
[PlyCount "120"]
[EventDate "2016.08.18"]
[EventType "swiss"]
[EventRounds "9"]
[EventCountry "CZE"]
[SourceTitle "CBM 174 Extra"]
[Source "ChessBase"]
[SourceDate "2016.10.10"]
[SourceVersion "1"]
[SourceVersionDate "2016.10.10"]
[SourceQuality "1"]

1. Nf3 d5 2. d4 Nf6 3. g3 e6 4. Bg2 Nbd7 5. 0-0 c5 6. c4 Nb6 7. cxd5 exd5 8. dxc5 Bxc5 9. b3 0-0 10. Bb2 Bf5 11. Nc3 Ne4 12. Nd4 Nxc3 13. Bxc3 Be6 14. e3 Qd7 15. Ne2 Rfd8 16. Nf4 Qe7 17. Qd2 Rd7 18. b4 Bd6 19. Qd4 f6 20. Nxe6 Qxe6 21. Qh4 Rc7 22. Rac1 Rc4 23. Qh3 Qxh3 24. Bxh3 Bxb4 25. Bd4 Kf7 26. Rfd1 g6 27. Bxb6 axb6 28. Rxc4 dxc4 29. Rd7+ Be7 30. Rxb7 Rxa2 31. Rxb6 Ra1+ 32. Kg2 c3 33. Rc6 Bb4 34. Rc7+ Kf8 35. Be6 Ra6 36. Bb3 Rd6 37. Rc4 Rb6 38. Kf3 f5 39. Rc7 Bd6 40. Rxc3 Ke7 41. Bg8 Kf8 42. Rc8+ Kg7 43. Bd5 Rb5 44. Ba2 Ra5 45. Bb3 Rb5 46. Ba4 Ra5 47. Bb3 Rb5 48. Bc4 Rb4 49. h3 Ra4 50. Bb5 Rb4 51. Bc4 Ra4 52. g4 fxg4+ 53. hxg4 Ra5 54. Rc6 Bb8 55. Rb6 Bh2 56. Rb7+ Kh8 57. Rb5 Ra4 58. Be2 Kg7 59. Kg2 Bd6 60. Rd5 Be7 1/2-1/2

[Event "EU School-ch U11 Girls"]
[Site "Kallithea"]
[Date "2016.06.18"]
[Round "2"]
[White "Zvereva, Margarita"]
[Black "Melenchuk, Olga"]
[Result "1-0"]
[WhiteElo "1747"]
[BlackElo "1478"]
[PlyCount "123"]
[EventDate "2016.06.17"]
[EventType "swiss"]
[EventRounds "9"]
[EventCountry "GRE"]
[SourceTitle "EXT 2017"]
[Source "ChessBase"]
[SourceDate "2016.10.25"]
[SourceVersion "1"]
[SourceVersionDate "2016.10.25"]
[SourceQuality "1"]

1. e4 e5 2. Nf3 Nc6 3. Bb5 Nf6 4. 0-0 Nxe4 5. d4 Nd6 6. Bxc6 dxc6 7. dxe5 Nf5 8. Qxd8+ Kxd8 9. Nc3 h6 10. h3 Be6 11. Rd1+ Ke8 12. b3 Bb4 13. Bb2 Rd8 14. g4 Ne7 15. Nd4 Bc8 16. Ne4 h5 17. a3 Ba5 18. c4 hxg4 19. hxg4 Bxg4 20. f3 Rxd4 21. Rxd4 Bxf3 22. Ng5 c5 23. Rd3 Bc6 24. Rd8+ Kxd8 25. Nxf7+ Ke8 26. Nxh8 Kf8 27. Rf1+ Kg8 28. Nf7 Bd2 29. e6 Ng6 30. Bc1 Bc3 31. Be3 Nh4 32. Ng5 Bf6 33. Kf2 Nf5 34. Bc1 Nd4 35. b4 cxb4 36. axb4 Bxg5 37. Bxg5 Nxe6 38. Be3 a6 39. Rg1 Kf7 40. Ke2 Be4 41. c5 c6 42. Rd1 Bd5 43. Rf1+ Ke7 44. Kd3 Ke8 45. Bd4 Ke7 46. Rf2 Ke8 47. Rh2 Kf7 48. Rh8 Nf8 49. Bf2 g6 50. Bg3 Kg7 51. Be5+ Kf7 52. Bd6 Nd7 53. Rh7+ Ke8 54. Re7+ Kd8 55. Rg7 Be6 56. Kd4 Ke8 57. Re7+ Kd8 58. Rxe6 g5 59. Rg6 Ke8 60. Rxg5 Kf7 61. Rf5+ Kg6 62. Rf2 1-0

[Event "YFO-ch (Women)"]
[Site "Nebug"]
[Date "2016.03.11"]
[Round "7"]
[White "Dashina, Sofiia"]
[Black "Melenchuk, Olga"]
[Result "0-1"]
[WhiteElo "1535"]
[BlackElo "1330"]
[PlyCount "104"]
[EventDate "2016.03.05"]
[EventType "swiss"]
[EventRounds "9"]
[EventCountry "RUS"]
[SourceTitle "CBM 171 Extra"]
[Source "ChessBase"]
[SourceDate "2016.04.26"]
[SourceVersion "1"]
[SourceVersionDate "2016.04.26"]
[SourceQuality "1"]

1. e4 e5 2. Nf3 Nc6 3. Bc4 Bc5 4. c3 Nf6 5. d4 exd4 6. 0-0 Nxe4 7. cxd4 d5 8. dxc5 dxc4 9. Qxd8+ Kxd8 10. Rd1+ Bd7 11. Be3 h6 12. Na3 c3 13. bxc3 Nxc3 14. Rd3 Ne4 15. Rad1 Nf6 16. Bd4 Nxd4 17. Rxd4 Kc8 18. Ne5 Be6 19. R1d2 Re8 20. f4 Ng4 21. Nxg4 Bxg4 22. h3 Be6 23. g4 f5 24. Re2 fxg4 25. f5 Bd7 26. Rxe8+ Bxe8 27. Rxg4 Bf7 28. Rxg7 Bxa2 29. Nb5 Kd8 30. f6 a6 31. Rh7 Bg8 32. f7 Bxf7 33. Rxf7 axb5 34. Rf8+ Kd7 35. Rxa8 Kc6 36. Rb8 b4 37. Ra8 Kxc5 38. Kf2 b3 39. Ra1 Kb4 40. Ke2 b2 41. Rb1 Kc3 42. Kd1 h5 43. h4 c6 44. Ke2 Kc2 45. Rg1 b1Q 46. Rxb1 Kxb1 47. Ke3 Kc2 48. Kf4 b5 49. Kg5 b4 50. Kxh5 b3 51. Kg6 b2 52. h5 b1Q 0-1

[Event "EU-ch U10 Girls 25th"]
[Site "Porec"]
[Date "2015.09.24"]
[Round "4"]
[White "Sheikh, Anum"]
[Black "Melenchuk, Olga"]
[Result "1-0"]
[WhiteElo "1332"]
[BlackElo "1497"]
[PlyCount "69"]
[EventDate "2015.09.21"]
[EventType "swiss"]
[EventRounds "9"]
[EventCountry "CRO"]
[SourceTitle "EXT 2016"]
[Source "ChessBase"]
[SourceDate "2015.10.08"]
[SourceVersion "1"]
[SourceVersionDate "2015.10.08"]
[SourceQuality "1"]

1. e4 e5 2. Nf3 Nc6 3. d4 exd4 4. Nxd4 Nf6 5. Nxc6 bxc6 6. e5 Qe7 7. Qe2 Nd5 8. c4 Ba6 9. b3 g6 10. g3 Bg7 11. Bb2 Qe6 12. Bg2 Nb6 13. 0-0 0-0 14. Nd2 Rfe8 15. f4 Rad8 16. Ne4 Qe7 17. Rad1 d5 18. exd6 cxd6 19. Bxg7 Kxg7 20. Qb2+ f6 21. Qa3 Bc8 22. Nxd6 Bg4 23. Nxe8+ Rxe8 24. Qxe7+ Rxe7 25. Rde1 Rxe1 26. Rxe1 Kf7 27. Bxc6 Bd7 28. Bxd7 Nxd7 29. b4 a6 30. b5 Nc5 31. b6 a5 32. Rb1 Nb7 33. c5 Nxc5 34. b7 Nxb7 35. Rxb7+ 1-0